|
|
|
|
| LEADER |
01314cam a2200325 7i4500 |
| 001 |
0000030552 |
| 005 |
20200610090000.0 |
| 008 |
100623 eng |
| 020 |
|
|
|a 0781740614 (pbk.)
|
| 020 |
|
|
|a 9780781740616
|
| 040 |
|
|
|a DLC
|
| 090 |
0 |
0 |
|a RC925.7
|b .C52 2005
|
| 100 |
1 |
|
|a Clarkson, Hazel M
|
| 245 |
1 |
0 |
|a Joint motion and function assessment :
|b a research-based practical guide
|c Hazel M. Clarkson ; photography by Jacques Hurabielle and Sandra Bruinsma ; illustrations by Heather K. Doy, Joy D. Marlowe and Kimberly Battista.
|
| 260 |
|
|
|a Philadelphia:
|b Lippincott Williams & Wilkins,
|c 2005.
|
| 300 |
|
|
|a xii, 366 p.:
|b ill.;
|c 28 cm.
|
| 504 |
|
|
|a Includes bibliographical references and index
|
| 650 |
0 |
0 |
|a Joints --
|x Range of motion --
|x Measurement
|
| 650 |
0 |
0 |
|a Muscle strength --
|x Measurement
|
| 650 |
0 |
0 |
|a Musculoskeletal system --
|x Diseases --
|x Diagnosis
|
| 700 |
1 |
|
|a Hurabielle, Jacques
|
| 700 |
1 |
|
|a Battista, Kimberly
|
| 700 |
1 |
|
|a Marlowe, Joy D
|
| 700 |
1 |
|
|a Bruinsma, Sandra
|
| 700 |
1 |
|
|a Doy, Heather K
|
| 997 |
|
|
|a Health Sciences, Faculty
|
| 998 |
|
|
|a Physiotherapy, Diploma
|
| 998 |
|
|
|a Medical Laboratory Technology, Degree
|
| 999 |
|
|
|a 0000016807
|b BOK
|c OPEN SHELF
|e 1st Floor, Shah Alam
|
| 999 |
|
|
|a 0000039002
|b BOK
|c OPEN SHELF
|e SHAH ALAM
|